The noble scholar, jurist, historian


 His Excellency Dr. Abdul Wahhab bin Ibrahim Abu Sulaiman, may Allah have mercy on him.


 He was born in Umm Al-Qura in the year 1356 AH.

أبو الريحان البيروني : (Record no. 1154)

MARC details
000 -LEADER
fixed length control field 01249cam a22002891i 4500
003 - CONTROL NUMBER IDENTIFIER
control field OSt
005 - DATE AND TIME OF LATEST TRANSACTION
control field 20241010091058.0
008 - FIXED-LENGTH DATA ELEMENTS--GENERAL INFORMATION
fixed length control field 240928s2000 su f b 000r0bara c
020 ## - INTERNATIONAL STANDARD BOOK NUMBER
International Standard Book Number 9960726371
040 ## - CATALOGING SOURCE
Original cataloging agency SA-RiAUC
Language of cataloging ara
Transcribing agency SA-RiAUC
Description conventions rda
082 04 - DEWEY DECIMAL CLASSIFICATION NUMBER
Classification number 925.2
Assigning agency SA-RiAUC
090 ## - LOCALLY ASSIGNED LC-TYPE CALL NUMBER (OCLC); LOCAL CALL NUMBER (RLIN)
Classification number (OCLC) (R) ; Classification number, CALL (RLIN) (NR) 925.2
Local cutter number (OCLC) ; Book number/undivided call number, CALL (RLIN) س ي د
100 1# - MAIN ENTRY--PERSONAL NAME
Personal name سيدو، أمين سليمان،
Dates associated with a name 1956-
Relator term مؤلف
245 10 - TITLE STATEMENT
Title أبو الريحان البيروني :
Remainder of title دراسة عن حياته ونتاجه الفكري /
Statement of responsibility, etc. أمين سليمان سيدو.
250 ## - EDITION STATEMENT
Edition statement الطبعة الأولى.
264 #1 - PRODUCTION, PUBLICATION, DISTRIBUTION, MANUFACTURE, AND COPYRIGHT NOTICE
Place of production, publication, distribution, manufacture الرياض :
Name of producer, publisher, distributor, manufacturer مركز الملك فيصل للبحوث والدراسات الإسلامية،
Date of production, publication, distribution, manufacture, or copyright notice 2000
300 ## - PHYSICAL DESCRIPTION
Extent 132 صفحة ؛
Dimensions 24 سم.
336 ## - CONTENT TYPE
Content type term نص
Content type code txt
Source rdacontent
Materials specified كتاب
337 ## - MEDIA TYPE
Media type term بدون وسيط
Media type code n
Source rdamedia
338 ## - CARRIER TYPE
Carrier type term مجلد
Carrier type code nc
Source rdacarrier
490 0# - SERIES STATEMENT
Series statement مطبوعات مركز الملك فيصل للبحوث والدراسات الإسلامية ؛
Volume/sequential designation 23
504 ## - BIBLIOGRAPHY, ETC. NOTE
Bibliography, etc. note ببليوجرافية : صفحة 92-132.
600 17 - SUBJECT ADDED ENTRY--PERSONAL NAME
Personal name البيروني، محمد بن أحمد،
Dates associated with a name 362-440 هجري
Source of heading or term aucnm
650 #7 - SUBJECT ADDED ENTRY--TOPICAL TERM
Topical term or geographic name entry element العلماء العرب
Form subdivision تراجم
Source of heading or term aucsh
942 ## - ADDED ENTRY ELEMENTS (KOHA)
Source of classification or shelving scheme Dewey Decimal Classification
Koha item type Books
Suppress in OPAC No
949 ## - LOCAL PROCESSING INFORMATION (OCLC)
a SA-JeALM
d 240928
u mohamedma123
n 1
Holdings
Withdrawn status Lost status Source of classification or shelving scheme Damaged status Not for loan Home library Current library Date acquired Total checkouts Full call number Barcode Date last seen Price effective from Koha item type
    Dewey Decimal Classification     DR AbdElwahab Library DR AbdElwahab Library 10/10/2024   925.2 س ي د 000001600 10/10/2024 10/10/2024 Books
    Dewey Decimal Classification     DR AbdElwahab Library DR AbdElwahab Library 02/17/2025   925.2 س ي د 000009620 02/17/2025 02/17/2025 Books